English : one tongue, many voices (Record no. 161839)

MARC details
000 -LEADER
fixed length control field 00931nam a2200289Ia 4500
008 - FIXED-LENGTH DATA ELEMENTS--GENERAL INFORMATION
fixed length control field 191130s2006##################000#0#eng##
020 ## - INTERNATIONAL STANDARD BOOK NUMBER
ISBN 9781403918291
082 ## - DEWEY DECIMAL CLASSIFICATION NUMBER
Classification number 420.9 SVA
100 ## - MAIN ENTRY--AUTHOR NAME
Personal name Svartvik, Jan
245 ## - TITLE STATEMENT
Title English : one tongue, many voices
Statement of responsibility, etc Jan Svartvik and Geoffrey Leech
250 ## - EDITION STATEMENT
Edition statement 1st ed
260 ## - PUBLICATION, DISTRIBUTION, ETC. (IMPRINT)
Place of publication Basingstoke, Hampshire
Name of publisher Palgrave Macmillan
Year of publication 2006
300 ## - PHYSICAL DESCRIPTION
Number of Pages xvi, 287 p. : ill., maps ; 24 cm
500 ## - GENERAL NOTE
General note Includes bibliographical references and indexes
650 ## - SUBJECT ADDED ENTRY--TOPICAL TERM
Topical Term Communication, International
Topical Term Culture and globalization
Topical Term English language - History
Topical Term English language - Variation
Topical Term English language - Variation - Foreign countries
Topical Term Globalization
700 ## - ADDED ENTRY--PERSONAL NAME
Personal name Leech, Geoffrey N
991 ## -
-- 371981
Holdings
Withdrawn status Lost status Damaged status Not for loan Home library Current library Shelving location Date acquired Full call number Accession Number Price effective from Koha item type
        Anna Centenary Library Anna Centenary Library 4TH FLOOR, B WING 12.10.2020 420.9 SVA 319679 12.10.2020 English Books

Find us on the map